[Event "ch-AUT w"]
[Site "Vienna AUT"]
[Date "2010.07.29"]
[Round "6"]
[White "Klinkan,E"]
[Black "Newrkla,K"]
[Result "1/2-1/2"]
[WhiteElo "1963"]
[BlackElo "2105"]

1.d4 Nf6 2.Bg5 e6 3.c3 h6 4.Bh4 g5 5.Bg3 Bg7 6.Nd2 d6 7.e4 Nc6 8.Be2 Bd7
9.Qb3 Rb8 10.h3 Ne7 11.Qa3 Bc6 12.Bf3 Ng6 13.Ne2 h5 14.e5 dxe5 15.Bxc6+ bxc6
16.dxe5 Nd7 17.Nc4 Ndxe5 18.Nxe5 Nxe5 19.Bxe5 Bxe5 20.Qxa7 Rxb2 21.Rd1 Qb8
22.Qxb8+ Rxb8 23.O-O Rb2 24.Nd4 c5 25.Nc6 Bd6 26.Rb1 Rxb1 27.Rxb1 Kd7 28.Nb8+ Ke7
29.a4 c6 30.Nxc6+ Kd7 31.Na7 Rb8 32.Nb5 Kc6 33.Kf1 f5 34.Ke2 e5 35.c4 Ra8
36.Nxd6 Kxd6 37.Ra1 Kc6 38.a5 Ra7 39.Ke3 h4 40.f3 Ra8 41.Ra2 Ra7 42.Kf2 Ra8
43.g4 hxg3+ 44.Kxg3 Kc7 45.h4 gxh4+ 46.Kxh4 Rg8 47.a6 Kb8 48.Re2 e4 49.fxe4 Rg4+
50.Kh3 Rxe4 51.Rxe4 fxe4 52.Kg3 Ka7 53.Kf4 Kxa6 54.Kxe4 Ka5 55.Ke5 Kb6 56.Kd6 Kb7
57.Kxc5 Kc7  1/2-1/2

[Event "XXXVI Open"]
[Site "Sitges ESP"]
[Date "2010.07.30"]
[Round "9"]
[White "Rojas Keim,L"]
[Black "Cruz,F"]
[Result "1-0"]
[WhiteElo "2437"]
[BlackElo "2456"]

1.d4 Nf6 2.Bg5 e6 3.e4 h6 4.Bxf6 Qxf6 5.Nc3 d6 6.Qd2 g6 7.f4 Bg7 8.Nf3 O-O
9.O-O-O Qd8 10.g4 e5 11.f5 exd4 12.Nxd4 Nc6 13.Nf3 g5 14.h4 Ne5 15.Nxe5 Bxe5
16.hxg5 hxg5 17.Nd5 Kg7 18.f6+ Bxf6 19.Qh2  1-0

[Event "111th US Open"]
[Site "Irvine USA"]
[Date "2010.07.31"]
[Round "3"]
[White "Lawrence,Dan"]
[Black "Hughes,T"]
[Result "0-1"]
[WhiteElo "2064"]
[BlackElo "2312"]

1.d4 Nf6 2.Bg5 e6 3.Nf3 h6 4.Bh4 c5 5.c3 Be7 6.Nbd2 O-O 7.e4 d5 8.e5 Nfd7
9.Bxe7 Qxe7 10.Bd3 b6 11.Qe2 a5 12.O-O Ba6 13.Bxa6 Nxa6 14.g3 Nc7 15.Nh4 b5
16.f4 g6 17.Ng2 b4 18.Ne3 a4 19.Rac1 a3 20.b3 bxc3 21.Rxc3 Rab8 22.Nf3 Nb5
23.Rc2 cxd4 24.Ng4 Nc5 25.Nf2 Na6 26.Nd3 Rfc8 27.Rfc1 Rc3 28.Qd2 Rbc8 29.Kf1 Nb4
30.Nxb4 Rxf3+ 31.Kg2 Rfc3 32.Nd3 Qc7 33.Ne1 Qa5 34.Nd3 Rxc2 35.Rxc2 Rc3 36.Kf2 Qc7
37.Nb4 Qc5  0-1

[Event "21st Czech GM Open"]
[Site "Pardubice CZE"]
[Date "2010.07.31"]
[Round "9"]
[White "Schneider,Il"]
[Black "Maslak,K"]
[Result "1/2-1/2"]
[WhiteElo "2515"]
[BlackElo "2560"]

1.d4 Nf6 2.Bg5 e6 3.e4 h6 4.Bxf6 Qxf6 5.Nc3 Bb4 6.Qd3 d6 7.O-O-O c6 8.e5 dxe5
9.dxe5 Qf4+ 10.Kb1 Nd7 11.Nf3 Be7 12.Qe4 Qxe4 13.Nxe4 b6 14.Nd6+  1/2-1/2

[Event "ch-AUT w"]
[Site "Vienna AUT"]
[Date "2010.07.31"]
[Round "8"]
[White "Klinkan,E"]
[Black "Kopinits,A"]
[Result "0-1"]
[WhiteElo "1963"]
[BlackElo "2187"]

1.d4 Nf6 2.Bg5 e6 3.c3 h6 4.Bh4 b6 5.f3 d5 6.Nd2 Bb7 7.e3 Be7 8.Bd3 c5 9.Ne2 Qd7
10.a4 Ng4 11.Bf2 Nxf2 12.Kxf2 Nc6 13.Ng3 h5 14.b3 cxd4 15.cxd4 a6 16.f4 h4
17.Ngf1 O-O-O 18.Nf3 f6 19.Qe2 Nb4 20.N1d2 Nxd3+ 21.Qxd3 Bb4 22.Rhc1+ Kb8
23.Rc2 Rc8 24.Rac1 Rxc2 25.Rxc2 h3 26.Qg6 hxg2 27.Qxg2 Ka7 28.Qg3 e5 29.fxe5 Qf5
30.Rc7 g5 31.Ke2 Rh3 32.Qg2 Kb8 33.Rg7 a5 34.Rg8+ Ka7 35.Rg7 Ka8 36.Rg8+ Ka7
37.Rg7 Bxd2 38.Nxd2 fxe5 39.dxe5 Rxe3+ 40.Kxe3 Qxe5+ 41.Kd3 Qxg7 42.Qf2 Qc7
43.Qg3 Ba6+ 44.Kd4 Qc5+ 45.Ke5 d4+ 46.Kf6 Bb7 47.Qe5 Qb4 48.Nc4 d3 49.Qb2 Bd5
50.Qd4 Qf8+ 51.Kxg5 Bxc4 52.Qd7+ Ka6 53.bxc4 Qc5+ 54.Kf4 d2 55.Kf3 d1=Q+
56.Qxd1 Qh5+  0-1

[Event "Politiken Cup"]
[Site "Copenhagen DEN"]
[Date "2010.08.01"]
[Round "3"]
[White "Frisvold,O"]
[Black "Larsen,Mi"]
[Result "1/2-1/2"]
[WhiteElo "1871"]
[BlackElo "2088"]

1.d4 Nf6 2.Bg5 e6 3.e4 h6 4.Bxf6 Qxf6 5.Nf3 Qd8 6.Nc3 d6 7.Bc4 a6 8.O-O g6
9.Ne1 Bg7 10.f4 O-O 11.Ne2 c5 12.c3 cxd4 13.cxd4 Nc6 14.Nc2 d5 15.exd5 exd5
16.Bb3 Bg4 17.h3 Bxe2 18.Qxe2 Bxd4+ 19.Nxd4 Nxd4 20.Qd3 Qb6 21.Rf2 Nxb3 22.Qxb3 Qxb3
23.axb3 Rad8 24.Rd2 Rd6 25.Rad1 Rfd8 26.Kf2 Kf8 27.Ke3 Rb6 28.Rd3 Rb4 29.g3 Ke7
30.Kd2 d4 31.Re1+ Kf6 32.Rc1 Rd7 33.g4 Rb5 34.Rc4 h5 35.Ke2 hxg4 36.hxg4 Rd6
37.b4 a5 38.Rdxd4 Rxd4 39.Rxd4 Rxb4 40.Rxb4 axb4 41.Kd3 Ke6 42.Kd4 b3 43.Ke4 f6
44.Kd4 Kd6 45.Kc4 Kc6 46.Kd4 b5 47.g5 fxg5 48.fxg5 Kd6 49.Kc3 Ke5 50.Kxb3 Kf5
51.Kb4 Kxg5 52.Kxb5 Kh4 53.Kc6 g5 54.b4 g4 55.b5 g3 56.b6 g2 57.b7 g1=Q 58.b8=Q  1/2-1/2

[Event "Brunei Inv IM2"]
[Site "Bandar Seri Begawan BRU"]
[Date "2010.08.03"]
[Round "8"]
[White "Duong The Anh"]
[Black "Ansari,Mo"]
[Result "1-0"]
[WhiteElo "2415"]
[BlackElo "2247"]

1.d4 Nf6 2.Bg5 e6 3.e4 Be7 4.Bd3 c5 5.dxc5 Qa5+ 6.Qd2 Qxc5 7.Nc3 h6 8.Be3 Qc7
9.Nb5 Qd8 10.Nxa7 Rxa7 11.Bxa7 Nc6 12.Be3 Ng4 13.Nf3 Nxe3 14.Qxe3 b5 15.O-O b4
16.Bb5 Bb7 17.Rfd1 O-O 18.Nd4 Qc7 19.Nxc6 dxc6 20.Bc4 c5 21.e5 Qc6 22.f3 g5
23.h3 h5 24.Rd6 Bxd6 25.Qxg5+ Kh8 26.Qxh5+ Kg8 27.Qg5+ Kh8 28.Qh6+ Kg8 29.Bd3 f5
30.Qxe6+ Kg7 31.exd6 Rf6 32.Qe7+ Rf7 33.Qg5+ Kf8 34.Bc4  1-0

[Event "Politiken Cup"]
[Site "Copenhagen DEN"]
[Date "2010.08.04"]
[Round "6"]
[White "Greeuw,S"]
[Black "Taylor,Gr"]
[Result "0-1"]
[WhiteElo "1970"]
[BlackElo "2160"]

1.d4 Nf6 2.Bg5 e6 3.e4 h6 4.Bxf6 Qxf6 5.c3 d5 6.e5 Qd8 7.Bd3 c5 8.Ne2 Nc6
9.O-O Qb6 10.b3 Bd7 11.Bc2 cxd4 12.cxd4 Nb4 13.Nbc3 Nxc2 14.Qxc2 Be7 15.Rac1 O-O
16.Qd3 Ba3 17.Rcd1 a5 18.f4 f5 19.exf6 Rxf6 20.f5 Raf8 21.fxe6 Bxe6 22.Rxf6 Rxf6
23.Rf1 Bf7 24.Rxf6 Qxf6 25.Qb5 Qg5 26.Qxb7 Qe3+ 27.Kf1 Bb2 28.Qc8+ Kh7 29.Qf5+ Bg6
30.Qf2 Qd2 31.Nxd5 Bd3 32.Nf4 Qc1+ 33.Qe1 Qxf4+ 34.Kg1 Qe3+  0-1

[Event "IM1 Winsoft Company Cup"]
[Site "Olomouc CZE"]
[Date "2010.08.07"]
[Round "4"]
[White "Kireev,Al"]
[Black "Mikhailov,Vi"]
[Result "1/2-1/2"]
[WhiteElo "2355"]
[BlackElo "2139"]

1.d4 Nf6 2.Bg5 e6 3.e3 b6 4.Nd2 Bb7 5.Ngf3 h6 6.Bh4 Be7 7.Bd3 O-O 8.O-O d5
9.Ne5 c5 10.c3 Nbd7 11.f4 Ne8 12.Bxe7 Qxe7 13.Qh5 f5 14.Nxd7 Qxd7 15.Nf3 Nf6
16.Qh3 Ng4 17.Ne5 Nxe5 18.fxe5 Kh7 19.g4 g6 20.Kh1 Qf7 21.Rf3 Rae8 22.Rg1 Bc8
23.Qg2 Rg8 24.h4 Qe7 25.Qh2 Ref8 26.h5 gxh5 27.gxf5 Rxg1+ 28.Kxg1 exf5 29.Kf1 h4
30.Rf4 Qg5 31.Qxh4 Qxh4 32.Rxh4 c4 33.Be2 Be6 34.Kf2 b5 35.Bf3 a5 36.Rh2 b4
37.Rg2 Bf7 38.Kg3 Rg8+ 39.Kh4 Rb8 40.Bh5 Bxh5 41.Kxh5 bxc3 42.bxc3 Rb1 43.Kh4 a4
44.a3 Rf1 45.Kg3 Kg6 46.Rf2 Rxf2 47.Kxf2 Kh5 48.Kf3 Kg5 49.Kg3 Kh5 50.Kf4 Kg6
51.e6 Kf6 52.e7 Kxe7 53.Kxf5 Kd6 54.e4 dxe4 55.Kxe4 h5 56.Kf4 Kd5 57.Kf5 h4
58.Kg4 Ke4 59.Kxh4 Kd3 60.d5 Kxc3 61.d6 Kb2 62.d7 c3 63.d8=Q c2 64.Qd4+ Ka2
65.Qc4+ Kb2 66.Qxa4 c1=Q 67.Qb4+ Ka2 68.a4 Qh6+ 69.Kg4 Qg6+ 70.Kf3 Qf5+ 71.Ke2 Qe5+
72.Kd1 Ka1 73.Qc4 Qb8 74.a5 Qb3+ 75.Qc2 Qf3+ 76.Qe2 Qb3+ 77.Ke1 Qg3+ 78.Kd2 Qg5+
79.Kc2 Qc1+ 80.Kb3 Qb1+ 81.Kc3 Qc1+ 82.Kd4 Qf4+ 83.Kc5 Qc7+ 84.Kb4 Qd6+ 85.Ka4 Qd4+
86.Kb5 Qd5+ 87.Kb4 Qd6+ 88.Kb3 Qd3+ 89.Qxd3  1/2-1/2

[Event "Open"]
[Site "Davos SUI"]
[Date "2010.08.09"]
[Round "2"]
[White "Bigg,A"]
[Black "Milosevic,Gl"]
[Result "1-0"]
[WhiteElo "2312"]
[BlackElo "2087"]

1.d4 Nf6 2.Bg5 e6 3.Nf3 c5 4.e3 b6 5.d5 d6 6.Nc3 Be7 7.dxe6 fxe6 8.e4 O-O
9.Bc4 Nc6 10.O-O Na5 11.Bd3 Bb7 12.e5 Ne8 13.Bxe7 Qxe7 14.exd6 Nxd6 15.Nd2 Qg5
16.Be4 Nxe4 17.Ndxe4 Qg6 18.Qe2 Rad8 19.Rfd1 Rd4 20.f3 a6 21.Nd6 b5 22.Nce4 Rd8
23.c3 Rxd1+ 24.Rxd1 Bd5 25.b3 h6 26.c4 Bxe4 27.Nxe4 Rxd1+ 28.Qxd1 Nc6 29.cxb5 axb5
30.Nxc5 e5 31.Qd5+ Kh8 32.h3 Nd4 33.Qa8+ Kh7 34.Qe4 Qxe4 35.fxe4 b4 36.Nd3 Ne2+
37.Kf2 Nc3 38.Nxb4 Nxe4+ 39.Ke3 Nd6 40.a4 Kg6 41.Nc6 Ne8 42.Nxe5+ Kf5 43.Nd3 Nc7
44.b4 Ke6 45.Ke4 g5 46.Nc5+ Kd6 47.Nb7+ Kc6 48.Nd8+ Kb6 49.Nf7 Ne6 50.g3  1-0

[Event "49th WJun"]
[Site "Chotowa POL"]
[Date "2010.08.11"]
[Round "8"]
[White "Piorun,K"]
[Black "Pacher,M"]
[Result "1/2-1/2"]
[WhiteElo "2499"]
[BlackElo "2417"]

1.d4 Nf6 2.Bg5 e6 3.e4 h6 4.Bxf6 Qxf6 5.Nf3 d6 6.Nc3 Nc6 7.Bb5 Bd7 8.Qe2 O-O-O
9.O-O-O g5 10.Kb1 Bg7 11.Bxc6 Bxc6 12.Rd3 Qg6 13.Qe3 Kb8 14.Rhd1 f5 15.exf5 Qxf5
16.d5 exd5 17.Nd4 Qe5 18.Ne6 Qxe3 19.fxe3 Rdg8 20.Nxg7 Rxg7 21.Nxd5 Bxd5
22.Rxd5 Re7 23.Re1 Rf8 24.Kc1 Kc8 25.Kd2 Kd7 26.Rd4 Re5 27.Ra4 a5 28.Rd4 b5
29.Rd3 c5 30.Ra3 a4 31.c4 Kc6 32.cxb5+ Kxb5 33.b3 axb3 34.Rxb3+ Kc4 35.Rd3 d5
36.Rc3+ Kb5 37.Re2 Re4 38.Ke1 Rb4 39.Rd2 Kc6 40.Ke2 Kd6 41.Ra3 Ke5 42.Ra6 Rh4
43.h3 g4 44.Ra4 h5 45.Ke1 Rb8 46.Kd1 Rb6 47.Kc2 Rf6 48.Kb2 Rf1 49.Kc2 Re1
50.Ra5 gxh3 51.Rxc5 Rc4+ 52.Rxc4 dxc4 53.gxh3 Rxe3 54.h4 Ra3 55.Rd8 Rxa2+
56.Kc3 Ra1 57.Rh8 Rc1+ 58.Kb4 c3 59.Kc4 Ke4 60.Rxh5 Ke3 61.Rd5 c2 62.Rd3+ Ke2
63.Rc3 Rh1  1/2-1/2

[Event "XI Miquel Mas Open"]
[Site "Figueres ESP"]
[Date "2010.08.11"]
[Round "1"]
[White "Vinas Serra,J"]
[Black "Corrales Jimenez,F"]
[Result "0-1"]
[WhiteElo "1878"]
[BlackElo "2574"]

1.d4 Nf6 2.Bg5 e6 3.Nd2 c5 4.Ngf3 Qb6 5.Bxf6 gxf6 6.dxc5 Qxb2 7.Ne4 Bxc5
8.Nxc5 Qc3+ 9.Nd2 Qxc5 10.e3 Nc6 11.Rb1 f5 12.Rb5 Qc3 13.Rb3 Qa5 14.Qb1 Rg8
15.c3 Qc5 16.Qb2 b6 17.Qa3 Qxa3 18.Rxa3 Bb7 19.f3 Ke7 20.Kf2 Rac8 21.Be2 Na5
22.Rb1 Rc7 23.Rb4 Rgc8 24.Nb1 Kf6 25.Rh4 Kg7 26.g4 fxg4 27.Rxg4+ Kh8 28.Bd3 f5
29.Rh4 Bd5 30.Raa4 Nc4 31.Bxc4 Bxc4 32.e4 fxe4 33.Rxe4 a5 34.Ke3 d6 35.h4 e5
36.Rg4 Bb5 37.Ra3 Bd7 38.Rg1 a4 39.Rd1 Bf5 40.Rxa4 Bc2  0-1

[Event "TCh-MKD"]
[Site "Struga MKD"]
[Date "2010.08.11"]
[Round "3"]
[White "Gotovusa,G"]
[Black "Bogdanovski,V"]
[Result "0-1"]
[WhiteElo "2191"]
[BlackElo "2416"]

1.d4 Nf6 2.Bg5 e6 3.Nf3 h6 4.Bh4 d6 5.Nbd2 g5 6.Bg3 Nh5 7.e3 Bg7 8.Bd3 Nxg3
9.hxg3 Nd7 10.c3 Qe7 11.Qe2 a6 12.e4 c5 13.a4 g4 14.Nh4 cxd4 15.Qxg4 Qg5
16.Qe2 dxc3 17.bxc3 Bxc3 18.Rd1 Ne5 19.O-O Bd7 20.Bc2 Rc8 21.Bb3 b5 22.Ndf3 Nxf3+
23.Nxf3 Qc5 24.Qa2 O-O 25.Rd3 Qb4 26.a5 Rc6 27.Rfd1 Qxa5 28.Qxa5 Bxa5 29.Rxd6 Rxd6
30.Rxd6 Bc8 31.g4 Rd8 32.Rxd8+ Bxd8 33.Ne5 Bf6 34.Nd3 Bd4 35.Kf1 a5 36.Ke2 Bd7
37.Kd2 Bc6 38.f3 Kf8 39.Nf4 Ke7 40.Kd3 Ba1 41.Bd1 Kd6 42.Nh3 Bf6 43.f4 e5
44.g3 a4 45.Nf2 Kc5 46.g5 hxg5 47.Ng4 Bg7 48.fxg5 b4 49.Nh6 Bb5+ 50.Kd2 Be8
51.Kd3 Bf8 52.Ng4 Bb5+ 53.Kd2 Kd4 54.Nh6 Be8 55.Bh5 b3 56.Kc1 Kc3 57.Bxf7 Bxh6
58.gxh6 Bxf7 59.h7 b2+  0-1

[Event "Open"]
[Site "Geraardsbergen BEL"]
[Date "2010.08.12"]
[Round "3"]
[White "Goes,Di"]
[Black "Lagaert,Lisa"]
[Result "1-0"]
[WhiteElo "1967"]
[BlackElo "1884"]

1.d4 Nf6 2.Bg5 e6 3.e3 d5 4.Bd3 c5 5.c3 Be7 6.Nd2 Nc6 7.f4 O-O 8.Ngf3 Nd7
9.Qc2 h6 10.Bxe7 Qxe7 11.O-O f6 12.Bh7+ Kh8 13.Nh4 Qe8 14.Ng6+  1-0

[Event "Open"]
[Site "Geraardsbergen BEL"]
[Date "2010.08.12"]
[Round "4"]
[White "Goes,Di"]
[Black "Van Mechelen,J"]
[Result "1/2-1/2"]
[WhiteElo "1967"]
[BlackElo "2278"]

1.d4 Nf6 2.Bg5 e6 3.e3 b6 4.Nf3 Bb7 5.Nbd2 c5 6.c3 Be7 7.Bd3 d6 8.Qe2 Nbd7
9.e4 O-O 10.O-O Nh5 11.Bxe7 Qxe7 12.g3 e5 13.dxe5 dxe5 14.Ba6 Bxa6 15.Qxa6 Qe6
16.Qe2 Nhf6 17.Nh4 g6 18.Ng2 Qh3 19.Ne3 h5 20.f3 Rfe8 21.Nd5 Kg7 22.Qg2 Qxg2+
23.Kxg2 Nxd5  1/2-1/2

[Event "7th Marques Prol"]
[Site "Santos BRA"]
[Date "2010.08.12"]
[Round "5"]
[White "Stamenkovic,Dr"]
[Black "Sega,C"]
[Result "1/2-1/2"]
[WhiteElo "2391"]
[BlackElo "2293"]

1.d4 Nf6 2.Bg5 e6 3.e4 h6 4.Bxf6 Qxf6 5.Qd2 d6 6.f4 g5 7.g3 gxf4 8.gxf4 Qh4+
9.Qf2 Be7 10.Nc3 b6 11.Bb5+ c6 12.Bd3 Ba6 13.Nge2 Bxd3 14.cxd3 Qxf2+ 15.Kxf2 Na6
16.Rhg1 Kd7 17.Ke3 Rag8 18.Rg3 Bh4 19.Rxg8  1/2-1/2

[Event "Open"]
[Site "Geraardsbergen BEL"]
[Date "2010.08.14"]
[Round "7"]
[White "Goes,Di"]
[Black "De Vogelaere,R"]
[Result "0-1"]
[WhiteElo "1967"]
[BlackElo "1782"]

1.d4 Nf6 2.Bg5 e6 3.e3 c5 4.c3 b6 5.Nf3 Bb7 6.Bd3 Be7 7.Nbd2 h6 8.Bxf6 Bxf6
9.Qe2 O-O 10.O-O-O a6 11.h4 Qc7 12.g4 cxd4 13.exd4 Nc6 14.Kb1 Be7 15.g5 f5
16.gxh6 gxh6 17.Rdg1+ Kh7 18.Ng5+ hxg5 19.hxg5+ Kg7 20.Rh6 Rg8 21.Qh5 Nd8
22.Rh7+ Kf8 23.Be2 Qf4 24.Qh6+ Ke8 25.Bh5+ Nf7 26.g6 Nxh6  0-1

[Event "TCh-SRB 1st League"]
[Site "Vrnjacka Banja SRB"]
[Date "2010.08.25"]
[Round "5"]
[White "Bogosavljevic,B"]
[Black "Arsovic,Z"]
[Result "1-0"]
[WhiteElo "2551"]
[BlackElo "2446"]

1.d4 Nf6 2.Bg5 e6 3.e4 h6 4.Bxf6 Qxf6 5.Nf3 d6 6.Nc3 Nd7 7.Qd2 a6 8.O-O-O Qd8
9.h4 c5 10.g4 b5 11.Bh3 Qa5 12.Kb1 cxd4 13.Nxd4 Bb7 14.g5 hxg5 15.hxg5 b4
16.Nd5 Rxh3 17.Rxh3 exd5 18.exd5 Bxd5 19.Nb3 Bxb3 20.Rxb3 Be7 21.Re1 Kd8
22.Rxb4 Qxg5 23.f4 Qf6 24.Rbe4 Rb8 25.Qa5+ Rb6 26.b3 Bf8 27.Re8+ Kc7 28.R1e4 g5
29.Rc4+ Nc5 30.Rxf8 gxf4 31.Rb8 Kxb8 32.Qxb6+ Nb7 33.Rc7  1-0

[Event "BDO Challengers"]
[Site "Haarlem NED"]
[Date "2010.08.26"]
[Round "6"]
[White "Van Ruitenburg,J"]
[Black "Turova,I"]
[Result "0-1"]
[WhiteElo "2296"]
[BlackElo "2394"]

1.d4 Nf6 2.Bg5 e6 3.e4 h6 4.Bxf6 Qxf6 5.c3 d6 6.Bd3 Qg5 7.g3 e5 8.Ne2 Qe7
9.Nd2 g6 10.f4 Bg7 11.Qb3 c6 12.Qa3 exd4 13.cxd4 Bg4 14.Nc4 c5 15.e5 dxe5
16.dxe5 O-O 17.O-O Nc6 18.Nc3 Rfd8 19.Be4 Nb4 20.Nd6 Rxd6 21.exd6 Qxd6 22.Qb3 Re8
23.Bg2 b6 24.a3 Qd4+ 25.Kh1 Nd3 26.h3 Be6 27.Qc2 Nxb2 28.Nb5 Qd7 29.a4 Bxh3
30.Rab1 Bf5 31.Qb3 c4 32.Qb4 Bxb1 33.Rxb1 Re2 34.Nc3 Qd2  0-1

[Event "TCh-SRB 1st League"]
[Site "Vrnjacka Banja SRB"]
[Date "2010.08.29"]
[Round "9"]
[White "Popovic,Milo2"]
[Black "Ostojic,N1"]
[Result "1/2-1/2"]
[WhiteElo "2401"]
[BlackElo "2455"]

1.d4 Nf6 2.Bg5 e6 3.e4 h6 4.Bxf6 Qxf6 5.Nf3 d6 6.Nc3 g5 7.h3 Bg7 8.Bb5+ Nd7
9.Qe2 a6 10.e5 dxe5 11.Ne4 Qe7 12.Bxd7+ Bxd7 13.Nxe5  1/2-1/2

[Event "17th Open A"]
[Site "Graz AUT"]
[Date "2010.08.30"]
[Round "3"]
[White "Spelec,D"]
[Black "Mihevc,I"]
[Result "0-1"]
[WhiteElo "2014"]
[BlackElo "2193"]

1.d4 Nf6 2.Bg5 e6 3.e3 h6 4.Bh4 g5 5.Bg3 b6 6.h4 g4 7.Be5 Rg8 8.Bxf6 Qxf6
9.g3 Bb7 10.Rh2 Nc6 11.c3 O-O-O 12.Nd2 e5 13.d5 Nb8 14.c4 h5 15.Qc2 d6 16.Bd3 Nd7
17.Bf5 Kb8 18.Bxd7 Rxd7 19.O-O-O Rd8 20.Ne2 Bh6 21.Nc3 Bc8 22.Qa4 Qe7 23.Rhh1 f5
24.Rhe1 Qf7 25.b4 f4 26.exf4 exf4 27.Nb5 a6 28.Nd4 Bb7 29.Ne6 Rc8 30.b5 a5
31.Nd4 fxg3 32.Nc6+ Bxc6 33.bxc6 Qxf2 34.Rf1 Bxd2+ 35.Kb1 Qe2 36.Qb5 Qd3+  0-1

[Event "TCh-SRB 1st League"]
[Site "Vrnjacka Banja SRB"]
[Date "2010.08.31"]
[Round "11"]
[White "Kosanovic,G"]
[Black "Ostojic,N1"]
[Result "0-1"]
[WhiteElo "2375"]
[BlackElo "2455"]

1.d4 Nf6 2.Bg5 e6 3.e4 h6 4.Bxf6 Qxf6 5.Nc3 Bb4 6.Qd2 d6 7.Nf3 Nd7 8.a3 Ba5
9.O-O-O c6 10.Kb1 e5 11.Bc4 Bc7 12.h3 a6 13.Ne2 b5 14.Ba2 Nb6 15.Ng3 g6 16.h4 exd4
17.Nxd4 Bb7 18.e5 dxe5 19.Ne4 Qe7 20.Nb3 Rd8 21.Qe3 Nd5 22.Qg3 O-O 23.Na5 Ba8
24.Rhe1 Kg7  0-1

[Event "17th Open A"]
[Site "Graz AUT"]
[Date "2010.09.02"]
[Round "6"]
[White "Fauland,P"]
[Black "Kreiner,Stefan"]
[Result "0-1"]
[WhiteElo "2243"]
[BlackElo "1926"]

1.d4 Nf6 2.Bg5 e6 3.c4 Be7 4.Nf3 c5 5.d5 Nxd5 6.cxd5 Bxg5 7.e4 O-O 8.h4 Bf4
9.g3 Bd6 10.e5 Bc7 11.Bd3 f5 12.g4 d6 13.gxf5 exd5 14.e6 Qf6 15.Nbd2 Nc6
16.h5 Ne5 17.Nxe5 dxe5 18.h6 g6 19.Qg4 e4 20.Nxe4 dxe4 21.Bxe4 Ba5+ 22.Kd1 Qxb2
23.Bc2  0-1

[Event "6th ch-EU"]
[Site "Arvier ITA"]
[Date "2010.09.05"]
[Round "2"]
[White "Vozza,N"]
[Black "Lisandri,L"]
[Result "1-0"]
[WhiteElo "1911"]
[BlackElo "1463"]

1.d4 Nf6 2.Bg5 e6 3.e4 Be7 4.Nc3 O-O 5.Nf3 d6 6.Bd3 Nbd7 7.Qe2 a6 8.a4 b6
9.e5 Ne8 10.Bxe7 Qxe7 11.Qe4 g6 12.Qxa8 Ng7 13.Bxa6 Bxa6 14.Qxa6 dxe5 15.dxe5 Qc5
16.Qb5 c6 17.Qxc5 Nxc5 18.O-O Nf5 19.b4 Nb7 20.a5 bxa5 21.bxa5 Nc5 22.a6  1-0

[Event "ch-RUS Higher League"]
[Site "Irkutsk RUS"]
[Date "2010.09.05"]
[Round "10"]
[White "Maslak,K"]
[Black "Ajrapetian,G"]
[Result "1-0"]
[WhiteElo "2560"]
[BlackElo "2427"]

1.d4 Nf6 2.Bg5 e6 3.e4 h6 4.Bxf6 Qxf6 5.Nc3 Bb4 6.Qd3 c5 7.a3 Bxc3+ 8.bxc3 d6
9.Qe3 Nd7 10.g3 O-O 11.f4 e5 12.dxe5 dxe5 13.Nf3 Re8 14.f5 Qc6 15.Nd2 Nf6
16.Rg1 Kh7 17.Bc4 Re7 18.g4 b5 19.Be2 Ng8 20.g5 f6 21.gxh6 Nxh6 22.Rg6 Rb8
23.a4 bxa4 24.Kf2 c4 25.Bxc4 Ba6 26.Bd5 Qb6 27.Rxa4 Bb5 28.Ra2 Rc7 29.c4 Be8
30.Rg1 g6 31.fxg6+ Bxg6 32.Qxb6 axb6 33.Rb2 f5 34.Nf3 Ng4+ 35.Ke1 Ne3 36.Nxe5 Bh5
37.Kd2 f4 38.Nd3 Nxc4+ 39.Bxc4 Rxc4 40.Nxf4 Bf3 41.Rb3 Rbc8 42.Rxf3 Rxc2+
43.Ke3 R8c3+ 44.Nd3 Rxh2 45.Rb1 Rh6 46.Rb5 Rd6 47.Rd5 Rdc6 48.Rff5 Rb3 49.Kf4 b5
50.Ne5 Rc7 51.Ng4 b4 52.Rh5+  1-0

[Event "12th Open"]
[Site "Trieste ITA"]
[Date "2010.09.05"]
[Round "3"]
[White "De Val,D"]
[Black "Gregori,G"]
[Result "1-0"]
[WhiteElo "2249"]
[BlackElo "1946"]

1.d4 Nf6 2.Bg5 e6 3.Nd2 c5 4.c3 Nc6 5.e3 cxd4 6.exd4 Be7 7.Ngf3 b6 8.Bd3 Bb7
9.Bxf6 gxf6 10.Qe2 Qc7 11.Ba6 Rg8 12.g3 d6 13.O-O-O O-O-O 14.d5 exd5 15.Nb3 Rg4
16.Rxd5 Nb4 17.Bxb7+ Kxb7 18.Rd4 f5 19.h3 Rxd4 20.Nfxd4 Bf6 21.Kb1 Nc6 22.Nxf5 Qd7
23.g4 Re8 24.Qxe8  1-0

[Event "TCh-CHN"]
[Site "Guangzhou CHN"]
[Date "2010.09.10"]
[Round "10"]
[White "Liang Chong"]
[Black "Lou Yiping"]
[Result "1/2-1/2"]
[WhiteElo "2502"]
[BlackElo "2429"]

1.d4 Nf6 2.Bg5 e6 3.e3 h6 4.Bh4 c5 5.Nd2 b6 6.Ne4 Be7 7.Bxf6 Bxf6 8.Nd6+ Ke7
9.Ne4 d5 10.Nxf6 gxf6 11.c3 Qd6 12.Ne2 Ba6 13.Ng3 Bxf1 14.Nxf1 Nd7 15.Ng3 Rag8
16.Qf3 f5 17.Nh5 Rg5 18.h3 c4 19.b3 Rc8 20.b4 Rcg8 21.g3 a5 22.a3 Ra8 23.b5 Rag8
24.a4 Nf6 25.Nxf6 Kxf6 26.Kd2 Ke7 27.Kc2 h5 28.Qf4 Qxf4 29.exf4 R5g7 30.h4 Kf6  1/2-1/2

[Event "FSIMA September"]
[Site "Budapest HUN"]
[Date "2010.09.14"]
[Round "11"]
[White "Tran Tuan Minh"]
[Black "Lyell,M"]
[Result "1-0"]
[WhiteElo "2227"]
[BlackElo "2202"]

1.d4 Nf6 2.Bg5 e6 3.e4 h6 4.Bxf6 Qxf6 5.Nc3 Bb4 6.Qd2 d6 7.Nf3 c6 8.a3 Ba5
9.e5 Qe7 10.Bd3 d5 11.O-O Bd7 12.b4 Bc7 13.Ne2 O-O 14.Nf4 Be8 15.Rae1 Nd7
16.c4 dxc4 17.Bb1 b5 18.Qc2 g6 19.h4 f5 20.exf6 Rxf6 21.Nh3 Qd6 22.Ne5 Qxd4
23.Re4 Bxe5 24.Rxd4 Bxd4 25.Qd2 c5 26.Qxh6 cxb4 27.axb4 a5 28.Rd1 e5 29.Be4 Ra7
30.Ng5 Bf7 31.Qh7+ Kf8 32.Nxf7 Rxf7 33.Qh8+ Ke7 34.Bxg6 Rf8 35.Qg7+ Kd8 36.h5 Bxf2+
37.Kh2 Rf4 38.Rxd7+ Rxd7 39.Qh8+ Kc7 40.Qxe5+ Kb7 41.Qxf4 Bb6 42.Qf5 Re7
43.h6 axb4 44.h7 Bd4 45.Qh5 b3 46.Qxb5+ Kc7 47.Qa5+ Kb8 48.Be4 Kc8 49.Qa8+  1-0

[Event "EYCC Boys U14"]
[Site "Batumi GEO"]
[Date "2010.09.23"]
[Round "5"]
[White "Mirzoev,E"]
[Black "Grbic,Br"]
[Result "1-0"]
[WhiteElo "2109"]
[BlackElo "1911"]

1.d4 Nf6 2.Bg5 e6 3.Nf3 Be7 4.e3 d5 5.Bd3 O-O 6.Nbd2 Nbd7 7.O-O c5 8.c3 b6
9.Ne5 Nxe5 10.dxe5 Nd7 11.Bf4 f5 12.exf6 Nxf6 13.Qe2 Bd6 14.Bxd6 Qxd6 15.e4 e5
16.exd5 Nxd5 17.Nc4 Qd8 18.Nxe5 Nf4 19.Bc4+ Be6 20.Bxe6+ Nxe6 21.Rad1 Qe8
22.Rfe1 Rf6 23.Qc4 Kh8 24.Ng4 Rg6 25.Rd6 Rd8 26.Rexe6 Rxe6 27.Qxe6 Qxe6 28.Rxd8+ Qg8
29.Rxg8+ Kxg8  1-0

[Event "TCh-BEL 2010-11"]
[Site "Belgium BEL"]
[Date "2010.09.26"]
[Round "1.3"]
[White "Winants,L"]
[Black "Donovan,L"]
[Result "1/2-1/2"]
[WhiteElo "2519"]
[BlackElo "2238"]

1.d4 Nf6 2.Bg5 e6 3.e3 Be7 4.c4 b6 5.Nc3 Bb7 6.Qc2 h6 7.Bh4 c5 8.dxc5 bxc5
9.Nf3 d6 10.Be2 Nbd7 11.O-O O-O 12.Rfd1 Qb6 13.Rd2 Rfd8 14.Rad1 Nf8 15.Nb5 g5
16.Bg3 Ne4 17.Rd3 Nxg3 18.hxg3 Be4 19.Nc3 Bxd3 20.Bxd3 Rab8 21.b3 Bf6 22.Nd2 Qa5
23.Na4 Rbc8 24.f4 d5 25.Rf1 Nd7 26.cxd5 exd5 27.Bf5 Rc6 28.e4 Bd4+ 29.Kh1  1/2-1/2

[Event "39th Olympiad Women"]
[Site "Khanty-Mansiysk RUS"]
[Date "2010.09.29"]
[Round "8"]
[White "Mamedjarova,T"]
[Black "Vasquez Ramirez,R"]
[Result "1-0"]
[WhiteElo "2301"]
[BlackElo "2227"]

1.d4 Nf6 2.Bg5 e6 3.e3 c5 4.c3 Be7 5.Bd3 b6 6.Nd2 Bb7 7.Ngf3 h6 8.Bf4 g5
9.Bxb8 Qxb8 10.h3 Qc7 11.Qc2 O-O-O 12.O-O-O d5 13.Ne5 Bd6 14.f4 gxf4 15.exf4 Nh5
16.Nxf7 Qxf7 17.Bg6 Qxf4 18.Bxh5 cxd4 19.cxd4+ Kb8 20.Qd3 Rhf8 21.Bg4 e5
22.Rhf1 Qg5 23.dxe5 Bxe5 24.Kb1 Qg7 25.Qb3 h5 26.Bf3 Bg3 27.Bxh5 Bf4 28.Bf3 Qg5
29.Qd3 Rfe8 30.Ka1 Re3 31.Qb5 Be5 32.Bg4 Qg7 33.Nc4 Rg3 34.Nxe5 Qxe5 35.Bf3 Qd6
36.Qa4 Rg5 37.Qd4 Re5 38.Rfe1 Rf5 39.Qg7 Rd7 40.Re8+ Kc7 41.Rc1+ Bc6 42.Qg8 Kb7
43.Re6  1-0

[Event "39th Olympiad Women"]
[Site "Khanty-Mansiysk RUS"]
[Date "2010.10.01"]
[Round "10"]
[White "Meenakshi,Sub"]
[Black "Zhao Xue"]
[Result "0-1"]
[WhiteElo "2336"]
[BlackElo "2469"]

1.d4 Nf6 2.Bg5 e6 3.e4 h6 4.Bxf6 Qxf6 5.Nc3 d6 6.Qd2 g5 7.O-O-O Bg7 8.e5 dxe5
9.dxe5 Qe7 10.f4 Bd7 11.Nf3 Nc6 12.g3 O-O-O 13.Bg2 Kb8 14.Ne4 g4 15.Nd4 Nxd4
16.Qxd4 Bc6 17.Qc3 Rd5 18.Rhg1 Rhd8 19.Nd2 Rc5 20.Qa3 Bxg2 21.Nb3 Rxd1+ 22.Rxd1 b6
23.Nxc5 bxc5 24.Qa4 Kc8 25.Qxa7 Bf8 26.a4 Qe8 27.Qa6+ Bb7 28.Qd3 Be7 29.b3 Bd5
30.c4 Bf3 31.Rd2 f6 32.h4 fxe5 33.fxe5 Bf8 34.Qe3 Qg6 35.a5 Qf5 36.a6 Bg7
37.a7 Qxe5 38.Qxe5 Bxe5 39.Re2 Bxg3 40.Rxe6 Kb7 41.Kc2 Bxh4 42.Rxh6 Bf2 43.Kd3 g3
44.Rf6 g2  0-1

[Event "FSIMB October"]
[Site "Budapest HUN"]
[Date "2010.10.08"]
[Round "7"]
[White "Tran Tuan Minh"]
[Black "Petran,Pa"]
[Result "1-0"]
[WhiteElo "2227"]
[BlackElo "2348"]

1.d4 Nf6 2.Bg5 e6 3.e4 h6 4.Bxf6 Qxf6 5.Nc3 Bb4 6.Qd2 d6 7.f4 Nd7 8.Nf3 e5
9.fxe5 dxe5 10.d5 g5 11.O-O-O g4 12.Ne1 Qg5 13.Bb5 a6 14.Bxd7+ Bxd7 15.Nd3 Bd6
16.Rdf1 Rf8 17.Rf2 f6 18.Rhf1 Be7 19.Nd1 Qg6 20.Qe3 b6 21.Kb1 O-O-O 22.c4 Bd6
23.b4 Qg5 24.Qxg5 fxg5 25.Ne3 Rf4 26.Nxf4 gxf4 27.Nc2 a5 28.bxa5 bxa5 29.Ne1 Bc5
30.Re2 Bd4  1-0